Pierrot Le Fou : produced by Rome-Paris Films and Nelle Society of Cinema and Cinematography S.P.A. ; director and writer, Jean Luc Godard.

Part love story, part gangster thriller, Pierrot Le Fou combines rmance, adventure, and violence with allusions to art, literature, and cinema to create a colorful French version of the Bonnie and Clyde story.

Bibliographic Details
Corporate Authors: Rome Paris Films, Interama Video Classics (Firm)
Other Authors: Belmondo, Jean-Paul, 1933-2021, Karina, Anna, Sanders, Dirk, Fuller, Samuel, 1635-1700, White, Lionel, Godard, Jean-Luc, 1930-
Format: Video
Language:French
Published: New York, NY : Interama Video Classics, [1989]
Subjects:

MARC

Tag First Indicator Second Indicator Subfields
LEADER 00000cgm a2200000 a 4500
001 in00000977621
005 20211106063122.0
007 vc cbaho|
008 900607s1989 nyu090 0000vlfre d
035 |a (OCoLC)21725607 
035 |9 AEW6007AM 
040 |a UIU  |c UIU  |d OCL  |d UtOrBLW 
041 |a fre  |j eng 
049 |a TXAV  |c [A10176088] 
090 |a PN1995.9.G3  |b P53 1989 
092 0 |a 791.4372  |b P615  |2 20 
245 0 0 |a Pierrot Le Fou :  |b produced by Rome-Paris Films and Nelle Society of Cinema and Cinematography S.P.A. ; director and writer, Jean Luc Godard. 
264 1 |a New York, NY :  |b Interama Video Classics,  |c [1989] 
264 4 |c ©1989 
300 |a 1 videocassette (90 min.) :  |b sound, color ;  |c 1/2 in. 
336 |a two-dimensional moving image  |b tdi  |2 rdacontent 
337 |a video  |b v  |2 rdamedia 
338 |a video cartridge  |b vc  |2 rdacarrier 
538 |a VHS. 
500 |a In French with English subtitles. 
500 |a Title on container: Jean-Luc Godard's Pierrot Le Fou, 
511 1 |a Jean-Paul Belmondo, Anna Karina, Dirk Sanders, Samuel Fuller. 
508 |a Photography, Raoul Coutard ; music, Antoine Duhamel and Antonio Vivaldi. 
500 |a Videocassette release of the 1968 motion picture. 
500 |a Based on the novel "Obsession" by Lionel White. 
521 |a French. 
520 |a Part love story, part gangster thriller, Pierrot Le Fou combines rmance, adventure, and violence with allusions to art, literature, and cinema to create a colorful French version of the Bonnie and Clyde story. 
500 |a Videorecording. 
650 0 |a Gangster films. 
650 0 |a Foreign films. 
650 0 |a Video recordings. 
650 0 |a Film noir. 
650 0 |a Feature films. 
700 1 |a Belmondo, Jean-Paul,  |d 1933-2021. 
700 1 |a Karina, Anna. 
700 1 |a Sanders, Dirk. 
700 1 |a Fuller, Samuel,  |d 1635-1700. 
700 1 |a White, Lionel.  |t Obsession. 
700 1 |a Godard, Jean-Luc,  |d 1930- 
710 2 |a Rome Paris Films. 
710 2 |a Interama Video Classics (Firm) 
740 0 |a Jean-Luc Godard's Pierrot Le Fou. 
999 |a MARS 
999 f f |s d690e563-7347-3acb-958a-3e95221900ef  |i da1d5571-2274-348b-b1ab-c34117b53505  |t 0 
952 f f |p ric  |a Texas A&M University  |b Rellis Campus  |c Joint Library Facility  |d Remote Storage  |t 0  |e PN1995.9.G3 P53 1989  |h Library of Congress classification  |i video -- video cartridge  |m A14825524898 
998 f f |a PN1995.9.G3 P53 1989  |t 0  |l Remote Storage